书目信息 |
| 题名: |
电工电子技术
|
|
| 作者: | 张晓杰 主编 | |
| 分册: | ||
| 出版信息: | 北京 中国电力出版社 2017.08 |
|
| 页数: | 328页 | |
| 开本: | 20cm | |
| 丛书名: | ||
| 单 册: | ||
| 中图分类: | TM-43 | |
| 科图分类: | ||
| 主题词: | 电工技术 | |
| 电子资源: | ||
| ISBN: | 978-7-5123-9952-5 | |
| 000 | 00635nam0 2200205 45 | |
| 001 | 2033851972 | |
| 005 | 20250906084603.93 | |
| 010 | @a978-7-5123-9952-5@dCNY 46.00 | |
| 100 | @a20201103d2017 km y0chiy0120 ea | |
| 101 | 0 | @achi |
| 200 | 1 | @a电工电子技术@Adian gong dian zi ji shu@e理工类专业适用@f张晓杰主编@Fzhang xiao jie zhu bian |
| 205 | @a2版 | |
| 210 | @a北京@c中国电力出版社@d2017.08 | |
| 215 | @a328页@d20cm | |
| 517 | 1 | @a理工类专业适用@ALi Gong Lei Zhuan Ye Shi Yong |
| 606 | 0 | @a电工技术 |
| 690 | @aTM-43@v4 | |
| 701 | 0 | @a张晓杰@Azhang xiao jie@4主编 |
| 801 | 0 | @aCN@b河南城建学院图书馆@c20201103 |
| 905 | @dTM-43@eZ212=2 | |
| 电工电子技术:理工类专业适用/张晓杰主编.-2版.-北京:中国电力出版社,2017.08 |
| 328页;20cm |
| ISBN 978-7-5123-9952-5:CNY 46.00 |
| ● |
| 相关链接 |
|
|
|
正题名:电工电子技术
索取号:TM-43/Z212=2
 
预约/预借
| 序号 | 登录号 | 条形码 | 馆藏地/架位号 | 状态 | 备注 |
| 1 | 1501852 | 215018521 | 自科库301/301自科库 3排2列4层/ [索取号:TM-43/Z212=2] | 在馆 | |
| 2 | 1502042 | 215020420 | 城院文库/ [索取号:TM-43/Z212=2] | 在馆 | |
| 3 | 1503555 | 215035557 | 自科库301/301自科库 3排2列4层/ [索取号:TM-43/Z212=2] | 在馆 | |
| 4 | 1504476 | 215044761 | 自科库301/301自科库 3排2列4层/ [索取号:TM-43/Z212=2] | 在馆 | |
| 5 | 1506744 | 215067442 | 期刊室512/ [索取号:TM-43/Z212=2] | 在馆 | |
| 6 | 1555219 | 215552195 | 自科库301/301自科库 3排2列4层/ [索取号:TM-43/Z212=2] | 在馆 | |
| 7 | 1555220 | 215552202 | 自科库301/301自科库 3排2列4层/ [索取号:TM-43/Z212=2] | 在馆 | |
| 8 | 1555221 | 215552211 | 自科库301/301自科库 3排2列4层/ [索取号:TM-43/Z212=2] | 在馆 |